[Event "Agneaux St Lo op"]
[Site "Agneaux"]
[Date "2022.07.15"]
[Round "8"]
[White "Amoyal, Pierre"]
[Black "Martinet, Regis"]
[Result "1-0"]
[WhiteElo "2123"]
[BlackElo "1996"]
[PlyCount "61"]
[EventDate "2022.07.09"]
[EventType "swiss"]
[EventRounds "9"]
[EventCountry "FRA"]
[SourceTitle "EXT 2023"]
[Source "ChessBase"]
[SourceDate "2022.10.05"]
[SourceVersion "1"]
[SourceVersionDate "2022.10.05"]
[SourceQuality "1"]

1. d4 Nf6 2. c4 e6 3. Nc3 Bb4 4. e3 0-0 5. Bd3 d5 6. Nf3 c5 7. 0-0 Nc6 8. a3 cxd4 9. axb4 dxc3 10. bxc3 dxc4 11. Bxc4 Qc7 12. Qe2 b6 13. Bb2 Bb7 14. h3 a5 15. Rac1 Rfd8 16. Nd4 Nd5 17. b5 Nce7 18. Ba2 e5 19. Nf3 Ng6 20. h4 e4 21. Ng5 Qe7 22. Rfd1 h6 23. h5 Qxg5 24. hxg6 Qxg6 25. Rd4 Ne7 26. Rcd1 Rxd4 27. Rxd4 Nf5 28. Rd7 Nh4 29. Bxf7+ Qxf7 30. Rxf7 Kxf7 31. Qh5+ 1-0

[Event "Rochefort op 18th Op A"]
[Site "Rochefort"]
[Date "2019.02.16"]
[Round "3.14"]
[White "Sosa, Tomas Sebastian"]
[Black "Martinet, Regis"]
[Result "1-0"]
[WhiteElo "2502"]
[BlackElo "2095"]
[PlyCount "81"]
[EventDate "2019.02.16"]
[EventType "swiss"]
[EventRounds "9"]
[EventCountry "FRA"]
[SourceTitle "CBM 189 Extra"]
[Source "ChessBase"]
[SourceDate "2019.06.03"]
[SourceVersion "1"]
[SourceVersionDate "2019.06.03"]
[SourceQuality "1"]

1. e4 c5 2. Nf3 Nc6 3. c3 Nf6 4. e5 Nd5 5. Bc4 Nb6 6. Bb3 g6 7. d4 cxd4 8. Ng5 e6 9. Ne4 Nxe5 10. Bg5 Be7 11. Bxe7 Qxe7 12. Qxd4 f6 13. f4 Nc6 14. Qxf6 Qxf6 15. Nxf6+ Ke7 16. Ng4 Na5 17. Bc2 Nd5 18. g3 d6 19. Be4 Nf6 20. Nxf6 Kxf6 21. Nd2 d5 22. Bd3 Bd7 23. Nf3 Nc6 24. Kd2 Rad8 25. Rae1 Rhe8 26. h4 Re7 27. h5 Be8 28. h6 d4 29. c4 Nb4 30. Be4 Bc6 31. a3 Bxe4 32. Rxe4 Nc6 33. b4 a6 34. Kd3 b5 35. Rc1 Rd6 36. cxb5 axb5 37. Ne5 Nb8 38. Rxd4 Ra6 39. Rc8 Rxa3+ 40. Ke4 Rb7 41. Rf8+ 1-0

[Event "Agneaux St Lo op 20th"]
[Site "Agneaux"]
[Date "2018.07.13"]
[Round "8"]
[White "Goix, Antoine"]
[Black "Martinet, Regis"]
[Result "1/2-1/2"]
[WhiteElo "1676"]
[BlackElo "2076"]
[PlyCount "89"]
[EventDate "2018.07.07"]
[EventType "swiss"]
[EventRounds "9"]
[EventCountry "FRA"]
[SourceTitle "CBM 185 Extra"]
[Source "ChessBase"]
[SourceDate "2018.07.29"]
[SourceVersion "1"]
[SourceVersionDate "2018.07.29"]
[SourceQuality "1"]

1. e4 c5 2. Nf3 Nc6 3. Nc3 g6 4. d4 cxd4 5. Nxd4 Bg7 6. Nde2 d6 7. g3 Nf6 8. Bg2 0-0 9. 0-0 Bg4 10. Be3 Qd7 11. Qc1 Rfd8 12. Rd1 Bh3 13. Bh1 Ng4 14. Nf4 Nxe3 15. Qxe3 Bh6 16. Qe2 Bg4 17. Bf3 Bxf3 18. Qxf3 Ne5 19. Qe2 Rac8 20. Ncd5 Rc5 21. c3 Bg7 22. Nd3 Nxd3 23. Rxd3 e6 24. Ne3 Qc6 25. Nc2 Qb6 26. Nd4 h5 27. Qd2 Re5 28. Re1 Ra5 29. a3 Bf6 30. Kg2 Kg7 31. f4 e5 32. Nf3 exf4 33. gxf4 Rc5 34. Rd1 Rcc8 35. Rd5 Rc5 36. Rd3 Rcc8 37. Rd5 Qc6 38. Nd4 Qe8 39. Kf3 Rc5 40. Ne2 Rxd5 41. Qxd5 Qd7 42. f5 Be5 43. Nf4 Kh6 44. Nd3 Bf6 45. Nc5 1/2-1/2

[Event "Hossegor op 25th"]
[Site "Hossegor"]
[Date "2018.05.21"]
[Round "6"]
[White "Martinet, Regis"]
[Black "Etchegaray, Patrice"]
[Result "1/2-1/2"]
[WhiteElo "2061"]
[BlackElo "2342"]
[PlyCount "81"]
[EventDate "2018.05.19"]
[EventType "swiss"]
[EventRounds "7"]
[EventCountry "FRA"]
[SourceTitle "CBM 184 Extra"]
[Source "ChessBase"]
[SourceDate "2018.06.28"]
[SourceVersion "1"]
[SourceVersionDate "2018.06.28"]
[SourceQuality "1"]

1. d4 g6 2. e4 Bg7 3. Nf3 d6 4. h3 Nf6 5. Nc3 a6 6. Be3 0-0 7. Bd3 b5 8. 0-0 Bb7 9. a3 Nbd7 10. Qd2 c5 11. d5 e5 12. Rfe1 Qc7 13. Bg5 Kh8 14. Nh2 Ng8 15. f3 Ndf6 16. Bf1 Nh5 17. Ne2 f5 18. g4 fxg4 19. fxg4 Nf4 20. c3 Bh6 21. Bxh6 Nxh6 22. Bg2 Qe7 23. Rf1 g5 24. Ng3 Bc8 25. b4 c4 26. a4 Bd7 27. axb5 axb5 28. Qe3 Nf7 29. Ra7 Rfb8 30. Rfa1 Qd8 31. Bf1 Kg8 32. Nf3 h6 33. Kh2 Rc8 34. Ne1 Nh8 35. Nh5 Nxh5 36. gxh5 Qf8 37. Be2 Rxa7 38. Rxa7 Rd8 39. Ng2 Qf6 40. Qf3 Qxf3 41. Bxf3 1/2-1/2

[Event "Hourtin Vins du Medoc op 2nd"]
[Site "Hourtin"]
[Date "2016.07.04"]
[Round "3"]
[White "Martinet, Regis"]
[Black "Grandmougin, Olivier"]
[Result "1-0"]
[WhiteElo "2048"]
[BlackElo "1922"]
[PlyCount "41"]
[EventDate "2016.07.02"]
[EventType "swiss"]
[EventRounds "9"]
[EventCountry "FRA"]
[SourceTitle "EXT 2019"]
[Source "ChessBase"]
[SourceDate "2018.10.10"]
[SourceVersion "1"]
[SourceVersionDate "2018.10.10"]
[SourceQuality "1"]

1. e4 e6 2. d4 d5 3. Nc3 Bb4 4. e5 c5 5. a3 Bxc3+ 6. bxc3 Bd7 7. Qg4 g6 8. h4 f5 9. Qg3 Nc6 10. h5 Nce7 11. hxg6 Nxg6 12. Rxh7 N8e7 13. Rg7 Ba4 14. Nh3 Rxh3 15. gxh3 f4 16. Qg4 Bxc2 17. Qxe6 Qa5 18. Bd2 Rc8 19. h4 Rc6 20. Qf7+ Kd8 21. h5 1-0

[Event "Hourtin Vins du Medoc op 2nd"]
[Site "Hourtin"]
[Date "2016.07.03"]
[Round "2"]
[White "Mueller, Werner8888"]
[Black "Martinet, Regis"]
[Result "1/2-1/2"]
[WhiteElo "1771"]
[BlackElo "2048"]
[PlyCount "166"]
[EventDate "2016.07.02"]
[EventType "swiss"]
[EventRounds "9"]
[EventCountry "FRA"]
[SourceTitle "EXT 2019"]
[Source "ChessBase"]
[SourceDate "2018.10.10"]
[SourceVersion "1"]
[SourceVersionDate "2018.10.10"]
[SourceQuality "1"]

1. e4 c5 2. Nc3 Nc6 3. g3 g6 4. Bg2 Bg7 5. d3 e6 6. f4 Nge7 7. Nf3 d5 8. e5 Nf5 9. g4 Nfd4 10. 0-0 0-0 11. Ne2 Nxf3+ 12. Rxf3 f6 13. exf6 Qxf6 14. c3 Bd7 15. Be3 d4 16. Bf2 e5 17. fxe5 Qxe5 18. Bg3 Qg5 19. h3 Rxf3 20. Bxf3 Qe3+ 21. Kg2 Rf8 22. Ng1 b6 23. Qc2 Ne5 24. Be4 Bc6 25. Bxc6 Nxc6 26. Re1 Qg5 27. Qb3+ Kh8 28. Nf3 Qf6 29. Qd5 dxc3 30. bxc3 Ne7 31. Qe4 Qf7 32. Bd6 Bxc3 33. Rf1 Re8 34. Ng5 Qxa2+ 35. Rf2 Qd5 36. Bxe7 Qxe4+ 37. Nxe4 Bd4 38. Bf6+ Bxf6 39. Rxf6 c4 40. Rf7 Kg8 41. Rxa7 Re6 42. Ra8+ Kg7 43. Ra7+ Kf8 44. g5 cxd3 45. Nf6 Rd6 46. Nxh7+ Ke8 47. Nf6+ Kd8 48. Ra8+ Ke7 49. Re8+ Kf7 50. Ne4 Rd4 51. Re5 d2 52. Nxd2 Rxd2+ 53. Kf3 Rd3+ 54. Kg4 Rd4+ 55. Kg3 Rc4 56. Rb5 Rc6 57. Kg4 Ke6 58. Rb4 Kd5 59. h4 Kc5 60. Rb1 Rd6 61. Rc1+ Kb5 62. Rb1+ Kc6 63. Kf4 Rd4+ 64. Ke5 Rd5+ 65. Kf6 Rd6+ 66. Ke7 Rd7+ 67. Kf6 Rd6+ 68. Ke7 Rd7+ 69. Kf6 Rd6+ 70. Kf7 b5 71. Rf1 b4 72. h5 gxh5 73. g6 Rd7+ 74. Kf8 b3 75. g7 Kc5 76. Rf5+ Kb4 77. Rxh5 b2 78. Rh1 Ra7 79. g8Q Ra8+ 80. Kg7 Rxg8+ 81. Kxg8 Kb3 82. Kf7 Ka2 83. Ke6 b1R 1/2-1/2

[Event "Salou op U2200 1st"]
[Site "Salou"]
[Date "2016.05.01"]
[Round "6"]
[White "Martinet, Regis"]
[Black "Sherf, Roni"]
[Result "1/2-1/2"]
[WhiteElo "2059"]
[BlackElo "2150"]
[PlyCount "51"]
[EventDate "2016.04.29"]
[EventType "swiss"]
[EventRounds "6"]
[EventCountry "ESP"]
[SourceTitle "CBM 172 Extra"]
[Source "ChessBase"]
[SourceDate "2016.06.21"]
[SourceVersion "1"]
[SourceVersionDate "2016.06.21"]
[SourceQuality "1"]

1. d4 e6 2. e4 d5 3. Nc3 dxe4 4. Nxe4 Nf6 5. Nxf6+ Qxf6 6. Nf3 h6 7. Bb5+ Bd7 8. Qe2 a6 9. Bxd7+ Nxd7 10. 0-0 Bd6 11. c4 0-0 12. Bd2 c5 13. Bc3 cxd4 14. Bxd4 e5 15. Bc3 Rfe8 16. Rfe1 Rad8 17. Rad1 Qe6 18. Qe4 Nc5 19. Qd5 e4 20. Qxe6 Nxe6 21. Nd4 Be5 22. Nxe6 Rxd1 23. Rxd1 Rxe6 24. Bxe5 Rxe5 25. Rd8+ Kh7 26. Kf1 1/2-1/2

[Event "San Sebastian op 39th"]
[Site "San Sebastian"]
[Date "2016.03.20"]
[Round "2"]
[White "Santos Latasa, Jaime"]
[Black "Martinet, Regis"]
[Result "1-0"]
[WhiteElo "2531"]
[BlackElo "2061"]
[PlyCount "63"]
[EventDate "2016.03.19"]
[EventType "swiss"]
[EventRounds "9"]
[EventCountry "ESP"]
[SourceTitle "CBM 171 Extra"]
[Source "ChessBase"]
[SourceDate "2016.04.26"]
[SourceVersion "1"]
[SourceVersionDate "2016.04.26"]
[SourceQuality "1"]

1. d4 Nf6 2. c4 c5 3. d5 b5 4. cxb5 a6 5. f3 e6 6. e4 Bb7 7. Nc3 exd5 8. e5 Qe7 9. Qe2 Ng8 10. Nh3 d4 11. Ne4 Qe6 12. Nf4 Qb6 13. b4 axb5 14. bxc5 Bxc5 15. Qxb5 Bxe4 16. fxe4 Nc6 17. Rb1 Qxb5 18. Rxb5 Bb4+ 19. Kd1 Rxa2 20. Bc4 Ra1 21. Ke2 Nge7 22. Rf1 0-0 23. Nd3 Bc3 24. Rb7 Ng6 25. Rxf7 Rxf7 26. Rxd7 Nge7 27. Bg5 Kf8 28. e6 Rff1 29. Bxe7+ Ke8 30. Bh4 Rfd1 31. Rd8+ Nxd8 32. Bb5+ 1-0

[Event "Agneaux St Lo op 17th"]
[Site "Agneaux"]
[Date "2015.07.08"]
[Round "5"]
[White "Grimm, Daniel"]
[Black "Martinet, Regis"]
[Result "1/2-1/2"]
[WhiteElo "2261"]
[BlackElo "2071"]
[PlyCount "96"]
[EventDate "2015.07.03"]
[EventType "swiss"]
[EventRounds "9"]
[EventCountry "FRA"]
[SourceTitle "EXT 2016"]
[Source "ChessBase"]
[SourceDate "2015.10.08"]
[SourceVersion "1"]
[SourceVersionDate "2015.10.08"]
[SourceQuality "1"]

1. e4 c5 2. Nf3 Nc6 3. d4 cxd4 4. Nxd4 Nf6 5. Nc3 e5 6. Ndb5 d6 7. Bg5 a6 8. Na3 b5 9. Nd5 Be7 10. Bxf6 Bxf6 11. c4 Nd4 12. cxb5 Bb7 13. Bc4 Qa5+ 14. Qd2 axb5 15. Qxa5 Rxa5 16. Nxb5 Bxd5 17. Nc7+ Kd7 18. Nxd5 Nc2+ 19. Kd2 Nxa1 20. Rxa1 Bg5+ 21. Kd3 Rb8 22. b4 Rxd5+ 23. Bxd5 Rxb4 24. a4 f5 25. f3 Rd4+ 26. Kc2 Rd2+ 27. Kc3 Be3 28. Ra2 Rd1 29. a5 f4 30. a6 Rc1+ 31. Kb2 Rc7 32. Ra4 Bc5 33. Ra5 Bd4+ 34. Kb1 Rc5 35. Ra4 Rb5+ 36. Kc2 Ba7 37. Bc4 Rb8 38. Bd5 Rb5 39. Kc3 g5 40. Kc2 Kc7 41. Ra1 h5 42. Bc4 Rb4 43. Kd3 Rb2 44. Ra2 Rxa2 45. Bxa2 Kb6 46. Bc4 Kc5 47. Bd5 h4 48. h3 Bb6 1/2-1/2

[Event "Agneaux St Lo op 16th"]
[Site "Agneaux"]
[Date "2014.07.10"]
[Round "6"]
[White "Leconte, Maria"]
[Black "Martinet, Regis"]
[Result "1-0"]
[WhiteElo "2221"]
[BlackElo "2076"]
[PlyCount "77"]
[EventDate "2014.07.06"]
[EventType "swiss"]
[EventRounds "9"]
[EventCountry "FRA"]
[SourceTitle "EXT 2015"]
[Source "ChessBase"]
[SourceDate "2014.11.20"]
[SourceVersion "1"]
[SourceVersionDate "2014.11.20"]
[SourceQuality "1"]

1. d4 Nf6 2. Nf3 g6 3. Nbd2 Bg7 4. e4 d6 5. c3 c6 6. Bd3 Nbd7 7. 0-0 e5 8. a4 0-0 9. Re1 Re8 10. a5 Qc7 11. Bf1 Nf8 12. dxe5 dxe5 13. Nc4 Nh5 14. h3 Ne6 15. g3 f6 16. Be3 Bf8 17. b4 Bd7 18. Ra2 Nd8 19. Nb6 Be6 20. Nxa8 Qc8 21. Rd2 Qxa8 22. Kh2 Nf7 23. g4 Ng7 24. b5 c5 25. Qa4 Qc8 26. Bc4 f5 27. exf5 gxf5 28. gxf5 Nxf5 29. Rg1+ Kh8 30. Ng5 Nxg5 31. Bxg5 Bg7 32. Bxe6 Qxe6 33. Qe4 Nd6 34. Qd5 Qxd5 35. Rxd5 Ne4 36. Rd7 Rg8 37. Rxb7 Nxc3 38. Rxg7 Kxg7 39. Bd2+ 1-0

[Event "Naujac op"]
[Site "Naujac"]
[Date "2013.07.03"]
[Round "5"]
[White "Favarel, Antoine"]
[Black "Martinet, Regis"]
[Result "1-0"]
[WhiteElo "2347"]
[BlackElo "2028"]
[PlyCount "55"]
[EventDate "2013.06.30"]
[EventType "swiss"]
[EventRounds "9"]
[EventCountry "FRA"]
[SourceTitle "CBM 155 Extra"]
[Source "ChessBase"]
[SourceDate "2013.08.26"]
[SourceVersion "1"]
[SourceVersionDate "2013.08.26"]
[SourceQuality "1"]

1. c4 e6 2. g3 d5 3. Bg2 c6 4. Nf3 f5 5. d4 Nf6 6. 0-0 Bd6 7. Nc3 Nbd7 8. Qc2 0-0 9. cxd5 cxd5 10. Nb5 Bb8 11. Bf4 Bxf4 12. gxf4 Ne4 13. Nc7 Nb6 14. Nxa8 Nxa8 15. Rac1 h6 16. Ne5 Kh7 17. f3 Nf6 18. Kh1 Nh5 19. e3 Qh4 20. Qf2 Qe7 21. Rg1 g5 22. fxg5 hxg5 23. Bf1 Rg8 24. Bd3 Kh6 25. h4 f4 26. Rxg5 Ng3+ 27. Qxg3 fxg3 28. Ng4# 1-0

[Event "San Sebastian Gros op 22nd"]
[Site "San Sebastian"]
[Date "2012.09.22"]
[Round "3"]
[White "Puga Senar, Fernando"]
[Black "Martinet, Regis"]
[Result "0-1"]
[WhiteElo "1808"]
[BlackElo "2080"]
[PlyCount "58"]
[EventDate "2012.09.20"]
[EventType "swiss"]
[EventRounds "8"]
[EventCountry "ESP"]
[SourceTitle "EXT 2013"]
[Source "ChessBase"]
[SourceDate "2012.11.22"]
[SourceVersion "1"]
[SourceVersionDate "2012.11.22"]
[SourceQuality "1"]

1. d4 Nf6 2. c4 c5 3. Nf3 g6 4. Nc3 Bg7 5. g3 0-0 6. Bg2 cxd4 7. Nxd4 Nc6 8. Nxc6 dxc6 9. 0-0 Qa5 10. Ne4 Be6 11. Nxf6+ Bxf6 12. Qc2 Qb4 13. Bh6 Rfd8 14. b3 Bxa1 15. Rxa1 Qd6 16. h4 Bf5 17. e4 Bg4 18. Re1 e5 19. Be3 c5 20. f4 Rd7 21. fxe5 Qxe5 22. Qf2 b6 23. Kh2 Rad8 24. Rf1 f6 25. Bf4 Qd4 26. Be3 Qc3 27. Bc1 Rd1 28. Rxd1 Rxd1 29. Bh6 Qe1 0-1

[Event "Pau op"]
[Site "Pau"]
[Date "2009.02.27"]
[Round "8"]
[White "Serafimov, Dimitar"]
[Black "Martinet, Regis"]
[Result "1-0"]
[WhiteElo "2210"]
[BlackElo "2067"]
[PlyCount "115"]
[EventDate "2009.02.24"]
[EventType "swiss"]
[EventRounds "9"]
[EventCountry "FRA"]
[SourceTitle "CBM 129 Extra"]
[Source "ChessBase"]
[SourceDate "2009.05.05"]
[SourceVersion "2"]
[SourceVersionDate "2009.05.20"]
[SourceQuality "1"]

1. c4 Nf6 2. Nc3 c5 3. Nf3 g6 4. g3 b6 5. Bg2 Bb7 6. 0-0 Bg7 7. d4 cxd4 8. Qxd4 0-0 9. Qh4 d6 10. Bh6 Nbd7 11. Bxg7 Kxg7 12. Rfd1 Rc8 13. Rac1 Rc5 14. Qd4 Qa8 15. b3 Rfc8 16. Ne1 Bxg2 17. Nxg2 Kg8 18. Ne3 Ne5 19. f3 Qb7 20. Kf2 Qd7 21. h4 Nc6 22. Qd2 Re5 23. Ncd5 Ne8 24. Ng4 Rh5 25. Nf4 Ra5 26. Qb2 f6 27. Nd5 Ne5 28. Nxe5 fxe5 29. b4 Ra6 30. Qb3 e6 31. b5 Ra5 32. Nb4 Nf6 33. Nc6 Rxc6 34. bxc6 Qxc6 35. c5 d5 36. cxb6 Qxb6+ 37. Qxb6 axb6 38. Rc6 e4 39. Rxe6 Kf7 40. Rxb6 Rxa2 41. Rc1 Ra7 42. Rcb1 exf3 43. Rb7+ Rxb7 44. Rxb7+ Ke6 45. exf3 d4 46. g4 h5 47. Rb6+ Kf7 48. g5 Ne8 49. Ke2 Ng7 50. Kd3 Ne6 51. Rxe6 Kxe6 52. Kxd4 Kf5 53. Ke3 Ke5 54. f4+ Kd6 55. Kd4 Ke7 56. Ke5 Kf7 57. Kd6 Kf8 58. Ke6 1-0

[Event "Pau op"]
[Site "Pau"]
[Date "2009.02.27"]
[Round "7"]
[White "Soubielle, Baptiste"]
[Black "Martinet, Regis"]
[Result "0-1"]
[WhiteElo "1810"]
[BlackElo "2067"]
[PlyCount "108"]
[EventDate "2009.02.24"]
[EventType "swiss"]
[EventRounds "9"]
[EventCountry "FRA"]
[SourceTitle "CBM 129 Extra"]
[Source "ChessBase"]
[SourceDate "2009.05.05"]
[SourceVersion "2"]
[SourceVersionDate "2009.05.20"]
[SourceQuality "1"]

1. d4 Nf6 2. c4 c5 3. d5 b5 4. cxb5 a6 5. bxa6 Bxa6 6. Nc3 d6 7. Bg5 Nbd7 8. a4 Qa5 9. Bd2 g6 10. Nb5 Qb6 11. Bc3 Bxb5 12. axb5 Rxa1 13. Qxa1 Qxb5 14. Qa8+ Qb8 15. Qxb8+ Nxb8 16. e3 Bg7 17. f3 0-0 18. Bc4 Nbd7 19. Ne2 Nb6 20. Ba2 Ra8 21. Nc1 Nfxd5 22. Bxg7 Kxg7 23. Ke2 Nb4 24. Bb1 Na4 25. Na2 Nxa2 26. Bxa2 Rb8 27. Rb1 Rxb2+ 28. Rxb2 Nxb2 29. Bb3 c4 30. Bc2 c3 31. e4 e5 32. h4 f6 33. g3 Kh6 34. Bb3 g5 35. h5 Kxh5 36. Bg8 Kg6 37. Be6 Kg7 38. g4 Kf8 39. Bf5 h6 40. Be6 Ke7 41. Bd5 Kd7 42. Ke3 Kc7 43. Ke2 Kb6 44. Ke3 Kc5 45. Bb3 Kb4 46. Bd5 Nc4+ 47. Kd3 Nb6 48. Be6 Na4 49. Kc2 Nb2 50. Bd5 Nc4 51. Kd3 Na3 52. Ke2 Nb5 53. Kd3 Nd4 54. Ke3 Ka3 0-1

[Event "FRA-ch op-A"]
[Site "Pau"]
[Date "2008.08.14"]
[Round "3"]
[White "Martinet, Regis"]
[Black "Cao, Philippe"]
[Result "1/2-1/2"]
[WhiteElo "2049"]
[BlackElo "1991"]
[PlyCount "134"]
[EventDate "2008.08.11"]
[EventType "swiss"]
[EventRounds "9"]
[EventCountry "FRA"]
[SourceTitle "CBM 126 Extra"]
[Source "ChessBase"]
[SourceDate "2008.11.05"]
[SourceVersion "1"]
[SourceVersionDate "2008.11.05"]
[SourceQuality "1"]

1. e4 c5 2. Nf3 Nc6 3. Bb5 d6 4. Bxc6+ bxc6 5. h3 e5 6. Nc3 f5 7. exf5 Bxf5 8. d3 Be7 9. Ne4 Nf6 10. Nfg5 0-0 11. Ng3 Bd7 12. Bd2 h6 13. N5e4 d5 14. Nxf6+ Rxf6 15. 0-0 Bd6 16. Qh5 Qe8 17. Rae1 Qxh5 18. Nxh5 Rf7 19. f4 Re8 20. fxe5 Bxe5 21. Rxf7 Kxf7 22. c3 Bd6 23. Rxe8 Bxe8 24. Bf4 Be7 25. Be3 g6 26. Ng3 h5 27. d4 cxd4 28. Bxd4 c5 29. Be3 a6 30. Kf2 Ke6 31. Ne2 Kf5 32. Kf3 Bc6 33. g4+ hxg4+ 34. hxg4+ Ke5 35. Bf4+ Ke6 36. Ke3 a5 37. a3 a4 38. Bh6 Ke5 39. Bf4+ Ke6 40. Bc7 Kd7 41. Be5 Ke6 42. Bc7 Kd7 43. Bg3 Ke6 44. Nf4+ Kf7 45. Nd3 Ke6 46. Bf4 Be8 47. Bb8 Kd7 48. Kf4 Ke6 49. Ba7 g5+ 50. Kf3 c4 51. Nf2 Bd7 52. Nh3 Kf6 53. Bd4+ Kf7 54. Nf2 Bd6 55. Be3 Kg6 56. Nh3 Be7 57. Ng1 Be6 58. Kf2 Bd7 59. Kg3 Bd6+ 60. Kh3 Be7 61. Nf3 Bf6 62. Kg3 Kh6 63. Bd4 Be7 64. Be5 Bc5 65. Bd4 Bd6+ 66. Be5 Bc5 67. Bd4 Bd6+ 1/2-1/2

[Event "FRA-ch op-A"]
[Site "Pau"]
[Date "2008.08.12"]
[Round "1"]
[White "Martinet, Regis"]
[Black "Brethes, Francois"]
[Result "0-1"]
[WhiteElo "2049"]
[BlackElo "2194"]
[PlyCount "114"]
[EventDate "2008.08.11"]
[EventType "swiss"]
[EventRounds "9"]
[EventCountry "FRA"]
[SourceTitle "CBM 126 Extra"]
[Source "ChessBase"]
[SourceDate "2008.11.05"]
[SourceVersion "1"]
[SourceVersionDate "2008.11.05"]
[SourceQuality "1"]

1. d4 d5 2. c4 dxc4 3. e3 Nf6 4. Bxc4 e6 5. Nf3 c5 6. 0-0 a6 7. a4 cxd4 8. exd4 Be7 9. Nc3 0-0 10. Bf4 Nc6 11. d5 exd5 12. Nxd5 Nxd5 13. Bxd5 Bf6 14. Bxc6 bxc6 15. Qc2 Qd5 16. Rad1 Bf5 17. Qd2 Qe4 18. b3 Rfd8 19. Qc1 Rxd1 20. Rxd1 Qc2 21. Be5 Bxe5 22. Nxe5 Qxb3 23. Nxc6 Be4 24. Re1 Qxa4 25. Ne7+ Kh8 26. Qc5 Re8 27. f3 Bc6 28. Re3 Bb5 29. Nf5 Qd1+ 30. Kf2 Qd8 31. Nd6 Qh4+ 32. Kg1 Rxe3 33. Qxe3 Qf6 34. Qc5 Qa1+ 35. Kf2 Qf1+ 36. Kg3 Qe1+ 37. Kf4 Qh4+ 38. Ke3 Qe7+ 39. Kf2 h6 40. Qd5 Qe2+ 41. Kg3 Qe1+ 42. Kh3 Qe6+ 43. Qxe6 fxe6 44. Kg4 Bf1 45. g3 a5 46. Ne4 a4 47. Nd2 a3 48. Nb3 a2 49. Kf4 Kg8 50. Ke4 Bc4 51. Na1 Kf7 52. Ke5 g5 53. f4 gxf4 54. gxf4 Kg6 55. Nc2 Kh5 56. f5 exf5 57. Kf4 Kh4 0-1

[Event "Pau op"]
[Site "Pau"]
[Date "2007.11.??"]
[Round "3"]
[White "Lacroix, Romain"]
[Black "Martinet, Regis"]
[Result "1-0"]
[WhiteElo "2170"]
[BlackElo "2067"]
[PlyCount "51"]
[EventDate "2007.11.??"]
[EventType "swiss"]
[EventRounds "5"]
[EventCountry "FRA"]
[SourceTitle "CBM 121 Extra"]
[Source "ChessBase"]
[SourceDate "2008.01.10"]
[SourceVersion "1"]
[SourceVersionDate "2008.01.10"]
[SourceQuality "1"]

1. e4 c5 2. Nc3 Nc6 3. f4 e6 4. Nf3 d5 5. Bb5 Nf6 6. Bxc6+ bxc6 7. e5 Nd7 8. d3 Ba6 9. b3 c4 10. bxc4 Bb4 11. Bd2 Qa5 12. Ne2 dxc4 13. d4 c3 14. Bc1 Nb6 15. 0-0 Rd8 16. Ng3 c5 17. f5 Bxf1 18. Qxf1 cxd4 19. Nh5 0-0 20. Qf2 d3 21. Qg3 Bc5+ 22. Kh1 g6 23. Nf6+ Kg7 24. Qh4 h5 25. Nxh5+ gxh5 26. Qg5+ 1-0

[Event "Pau op"]
[Site "Pau"]
[Date "2007.11.??"]
[Round "4"]
[White "Martinet, Regis"]
[Black "Garrel, Pascal"]
[Result "1/2-1/2"]
[WhiteElo "2067"]
[BlackElo "1772"]
[PlyCount "72"]
[EventDate "2007.11.??"]
[EventType "swiss"]
[EventRounds "5"]
[EventCountry "FRA"]
[SourceTitle "CBM 121 Extra"]
[Source "ChessBase"]
[SourceDate "2008.01.10"]
[SourceVersion "1"]
[SourceVersionDate "2008.01.10"]
[SourceQuality "1"]

1. e4 c5 2. Nf3 d6 3. d4 cxd4 4. Nxd4 Nf6 5. Nc3 a6 6. Bg5 e6 7. f4 Be7 8. Qf3 Nbd7 9. 0-0-0 Qc7 10. g4 Rb8 11. Bxf6 Nxf6 12. g5 Nd7 13. h4 b5 14. Bh3 b4 15. Nce2 Nc5 16. f5 e5 17. f6 exd4 18. fxe7 Bxh3 19. Rxh3 d3 20. Nd4 dxc2 21. Rf1 Qxe7 22. Nc6 Qe6 23. b3 Rb7 24. h5 0-0 25. g6 h6 26. Rh4 Re8 27. Nd4 Qe7 28. gxf7+ Qxf7 29. Rf4 Qe7 30. Nf5 Qe5 31. Kxc2 Nxe4 32. Nxh6+ gxh6 33. Rf8+ Rxf8 34. Qxf8+ Kh7 35. Rf7+ Rxf7 36. Qxf7+ Kh8 1/2-1/2

[Event "Pau op"]
[Site "Pau"]
[Date "2007.11.??"]
[Round "1"]
[White "Martinet, Regis"]
[Black "Perrin, Herve"]
[Result "1-0"]
[WhiteElo "2067"]
[BlackElo "1600"]
[PlyCount "49"]
[EventDate "2007.11.??"]
[EventType "swiss"]
[EventRounds "5"]
[EventCountry "FRA"]
[SourceTitle "CBM 121 Extra"]
[Source "ChessBase"]
[SourceDate "2008.01.10"]
[SourceVersion "1"]
[SourceVersionDate "2008.01.10"]
[SourceQuality "1"]

1. e4 c5 2. Nf3 Nc6 3. Bb5 g6 4. Nc3 Bg7 5. Bxc6 bxc6 6. 0-0 Nf6 7. d3 0-0 8. Be3 d6 9. h3 Rb8 10. Rb1 Bd7 11. Nd2 Qc8 12. f4 Qc7 13. Qf3 Rb7 14. Ne2 Rfb8 15. b3 Qa5 16. a4 Ne8 17. Nc4 Qd8 18. f5 Nc7 19. fxg6 fxg6 20. Bg5 Qf8 21. Qg3 Bf6 22. Bxf6 exf6 23. Nxd6 Rb6 24. Nc4 R6b7 25. Na5 1-0

[Event "FRA-chT2 South 0607"]
[Site "France"]
[Date "2007.02.11"]
[Round "7.5"]
[White "Martinet, Regis"]
[Black "Benmesbah, Natacha"]
[Result "1/2-1/2"]
[WhiteElo "2070"]
[BlackElo "2179"]
[PlyCount "97"]
[EventDate "2006.10.15"]
[EventType "team"]
[EventRounds "11"]
[EventCountry "FRA"]
[SourceTitle "EXT 2008"]
[Source "ChessBase"]
[SourceDate "2007.11.25"]
[SourceVersion "1"]
[SourceVersionDate "2007.11.25"]
[SourceQuality "1"]
[WhiteTeam "Pau Henri IV"]
[BlackTeam "Toulouse"]
[WhiteTeamCountry "FRA"]
[BlackTeamCountry "FRA"]

1. d4 Nf6 2. c4 c5 3. d5 e6 4. Nc3 exd5 5. cxd5 d6 6. e4 g6 7. Be2 Bg7 8. f4 0-0 9. Nf3 Bg4 10. 0-0 Nbd7 11. a4 Re8 12. h3 Bxf3 13. Bxf3 a6 14. a5 Rb8 15. Qc2 b5 16. axb6 Rxb6 17. g4 h6 18. Ra3 Nh7 19. Nd1 Bd4+ 20. Kg2 Qf6 21. Be2 Qe7 22. Bf3 Kh8 23. Bd2 g5 24. Bc3 gxf4 25. Bxd4+ cxd4 26. Qd2 Qe5 27. Nf2 Ng5 28. Nd3 Nxf3 29. Rxf3 Qxe4 30. Qxf4 Qxf4 31. Rxf4 Re3 32. Rxd4 Ne5 33. Rb4 Re2+ 34. Kg3 Rxb4 35. Nxb4 Rxb2 36. Nc6 Rb6 37. Ne7 Nc4 38. Ra4 Rb3+ 39. Kg2 Ne3+ 40. Kf2 Nd1+ 41. Kg2 Ne3+ 42. Kf2 Rb7 43. Nc8 Nxd5 44. Rxa6 Rb2+ 45. Kg1 Nf4 46. Nxd6 Nxh3+ 47. Kf1 Rf2+ 48. Ke1 Rf6 49. Nxf7+ 1/2-1/2